000 00225nam a2200097Ia 4500
008 240625s9999 xx 000 0 und d
041 _aeng
082 _a332 TRA
100 _aTRACY JOHN A
245 _aFAST FORWARD MBA IN FINANCE
999 _c32972
_d32972